<?xml version="1.0" encoding="UTF-8"?><?xml-stylesheet type="text/xsl" href="static/style.xsl"?><OAI-PMH xmlns="http://www.openarchives.org/OAI/2.0/" xmlns:xsi="http://www.w3.org/2001/XMLSchema-instance" xsi:schemaLocation="http://www.openarchives.org/OAI/2.0/ http://www.openarchives.org/OAI/2.0/OAI-PMH.xsd"><responseDate>2026-04-13T13:30:51Z</responseDate><request verb="GetRecord" identifier="oai:www.recercat.cat:2117/386425" metadataPrefix="marc">https://recercat.cat/oai/request</request><GetRecord><record><header><identifier>oai:recercat.cat:2117/386425</identifier><datestamp>2025-07-17T16:11:38Z</datestamp><setSpec>com_2072_1033</setSpec><setSpec>col_2072_452951</setSpec></header><metadata><record xmlns="http://www.loc.gov/MARC21/slim" xmlns:dcterms="http://purl.org/dc/terms/" xmlns:xsi="http://www.w3.org/2001/XMLSchema-instance" xmlns:doc="http://www.lyncode.com/xoai" xsi:schemaLocation="http://www.loc.gov/MARC21/slim http://www.loc.gov/standards/marcxml/schema/MARC21slim.xsd">
   <leader>00925njm 22002777a 4500</leader>
   <datafield ind2=" " ind1=" " tag="042">
      <subfield code="a">dc</subfield>
   </datafield>
   <datafield ind2=" " ind1=" " tag="720">
      <subfield code="a">Osorio Piñero, Josep</subfield>
      <subfield code="e">author</subfield>
   </datafield>
   <datafield ind2=" " ind1=" " tag="260">
      <subfield code="c">2006-06-14</subfield>
   </datafield>
   <datafield ind2=" " ind1=" " tag="520">
      <subfield code="a">L’objectiu clar del present avantprojecte és la definició dels processos i tractaments a seguir per tal de depurar les aigües residuals del nucli de Torrebusqueta amb la finalitat d’obtenir els valors mínims acceptables que marca la normativa. Es farà una relació qualitat-preu per tal d’obtenir el millor rendiment de tractament amb el menor gast econòmic possible per tal complir amb les disposicions que marca la normativa europea.&#xd;
&#xd;
Com a conseqüència de tractar-se d’un petit nucli urbà, és possible depurar les aigües residuals mitjançant un tractament natural. Aquest tipus de tractament té un alt rendiment de depuració i un baix cost de manteniment, a canvi de la important quantitat de superfície necessària pel seu funcionament.&#xd;
&#xd;
S’aprofitarà la gran quantitat de superfície disponible a la zona on es vol realitzar l’estudi per tal de poder implantar un sistema de tractament el màxim de rendible i econòmic possible.&#xd;
&#xd;
Les aigües que es tractaran són d’origen urbà, sense aportació de cabal industrial ni de cap tipus de granja. Tampoc hi ha presència de cap urbanització propera. &#xd;
&#xd;
Un cop tractades les aigües es retornaran a l’ecosistema mitjançant una conducció de retorn al medi natural.</subfield>
   </datafield>
   <datafield tag="653" ind2=" " ind1=" ">
      <subfield code="a">Àrees temàtiques de la UPC::Enginyeria civil::Enginyeria hidràulica, marítima i sanitària::Enginyeria sanitària</subfield>
   </datafield>
   <datafield tag="653" ind2=" " ind1=" ">
      <subfield code="a">Sewage</subfield>
   </datafield>
   <datafield tag="653" ind2=" " ind1=" ">
      <subfield code="a">Aigües residuals</subfield>
   </datafield>
   <datafield ind2="0" ind1="0" tag="245">
      <subfield code="a">Avantprojecte i estudi tècnico-econòmic del sanejament de les aigües residuals al nucli urbà de Torrebusqueta</subfield>
   </datafield>
</record></metadata></record></GetRecord></OAI-PMH>